[Event "48th Rilton Cup 2018"]
[Site "Stockholm"]
[Date "2018.12.28"]
[Round "2"]
[White "Gajewski, Grzegorz"]
[Black "Soysal, Serkan"]
[Result "1-0"]
[WhiteElo "2598"]
[BlackElo "2398"]
[Annotator "TA"]
[PlyCount "99"]
[EventDate "2018.12.27"]
[EventType "swiss"]
[EventCountry "SWE"]
[SourceTitle "playchess.com"]
[Source "ChessBase"]
[SourceQuality "1"]

{[%evp 16,99,27,25,33,20,47,47,41,45,41,58,33,26,40,16,16,10,16,8,8,0,4,10,20,14,45,0,18,17,20,20,21,13,10,0,0,0,0,5,4,0,73,82,66,74,68,72,81,82,82,82,80,14,18,18,19,22,55,48,41,47,272,226,190,50,57,58,58,60,55,52,1196,1118,1141,385,29978,29979,29979,29980,29984,29985,29985,29986,29986,29987]} 1. Nf3 d5 2. c4 c6 3. e3 Nf6 4. Nc3 e6 5. b3 Nbd7 6. Qc2 {A11: English Opening: 1...c6} Bd6 7. Bb2 a6 (7... O-O 8. Be2 Qe7 9. O-O b6 10. cxd5 cxd5 11. Nb5 Ba6 12. Qd1 Bxb5 13. Bxb5 a6 14. Be2 Ba3 15. Qc1 Bxb2 16. Qxb2 {½-½ (33) Ivanchuk,V (2728)-Duda,J (2707) Tbilisi 2017}) 8. d4 Qe7 9. Be2 {LiveBook: 28 Games} b6 10. O-O Bb7 11. e4 Nxe4 12. Nxe4 dxe4 13. Qxe4 O-O 14. Rad1 (14. Rae1 {feels hotter.} Nf6 15. Qh4 c5 16. Bd3 cxd4 17. Nxd4 Qd8 18. Rd1) 14... Rad8 $146 ({Predecessor:} 14... Nf6 15. Qc2 c5 16. dxc5 Bxc5 17. Ng5 e5 18. Bf3 h6 19. Ne4 Nxe4 20. Bxe4 Bxe4 21. Qxe4 Rad8 {½-½ (21) Chytilek,R (2393)-Malik,J (2352) Czechia 2011}) 15. Qc2 c5 16. d5 exd5 17. cxd5 Ne5 18. Rfe1 Nxf3+ $1 19. Bxf3 Qg5 20. Re4 Bc8 21. Qc3 Rfe8 22. h4 Qh6 23. Rde1 Rxe4 24. Rxe4 Bf5 25. Ra4 Bc8 26. Re4 $36 {[%mdl 2048] Black is under pressure.} Bf5 27. Re1 f6 28. h5 Qf4 (28... Qg5 $11) 29. g3 $16 Qb4 30. Qxb4 cxb4 31. h6 Bd7 32. hxg7 Kxg7 33. Bd4 b5 34. Bh5 ({White should play} 34. Kg2 $16) 34... Rc8 $11 35. g4 {g5 is the strong threat.} h6 36. f4 Rc2 {[#] Strongly threatening ...Rd2.} 37. g5 $1 {[%cal Rg5f6]} hxg5 38. fxg5 Bh2+ $2 (38... Rd2 $14 39. Bxf6+ Kg8) 39. Kh1 $18 Bd6 {Hoping for ...Rh2+.} 40. Bxf6+ ({Only move:} 40. gxf6+ $18 Kh6 41. Bd1 Rh2+ 42. Kg1) 40... Kf8 $14 {aiming for ...Rh2+.} 41. Re2 Rxe2 42. Bxe2 {[%mdl 4096] Endgame KBB-KBB} Bf5 43. Kg2 Be7 $2 {[%mdl 8192] [#]} (43... Bb1 $14) 44. Bxe7+ $1 $18 Kxe7 {KB-KB} 45. Kf3 Kd6 $2 (45... Bb1 $18 46. Kf4 Bxa2) 46. Kf4 {White mates.} Bh7 47. Bf3 a5 48. Be4 Bg8 49. g6 a4 50. Kf5 {Accuracy: White = 70%, Black = 43%.} 1-0

[Event "48th Rilton Cup 2018"]
[Site "Stockholm"]
[Date "2018.12.28"]
[Round "2"]
[White "Karthikeyan, Murali"]
[Black "Lindberg, Bengt"]
[Result "1-0"]
[WhiteElo "2591"]
[BlackElo "2404"]
[Annotator "ChessBase"]
[PlyCount "67"]
[EventDate "2018.12.27"]
[EventType "swiss"]
[EventCountry "SWE"]
[SourceTitle "playchess.com"]
[Source "ChessBase"]
[SourceQuality "1"]
[TimeControl "40/5400+30:1800+30"]

1. e4 {[%emt 0:00:00]} e5 {[%emt 0:00:00]} 2. Nf3 {[%emt 0:00:00]} Nc6 {[%emt 0:00:00]} 3. Bb5 {[%emt 0:00:00]} a6 {[%emt 0:00:05]} 4. Ba4 {[%emt 0:00:00]} Nf6 {[%emt 0:00:16]} 5. d3 {[%emt 0:00:05]} b5 {[%emt 0:00:24]} 6. Bb3 {[%emt 0:00:08]} Bc5 {[%emt 0:00:16]} 7. Nc3 {[%emt 0:00:46]} d6 {[%emt 0:00:18]} 8. Nd5 {[%emt 0:02:34]} h6 {[%emt 0:01:00]} 9. c3 {[%emt 0:00:46]} O-O {[%emt 0:00:30]} 10. Nxf6+ {[%emt 0:00:47]} Qxf6 {[%emt 0:00:13]} 11. Bd5 {[%emt 0:00:08]} Bd7 12. Rg1 h5 13. h3 Rae8 14. Bg5 Qg6 15. Qd2 Nd8 16. O-O-O Ne6 17. Be3 c6 18. Bb3 a5 19. g4 Qf6 20. Rg3 hxg4 21. hxg4 a4 22. Bxe6 fxe6 23. Rh1 Qxf3 24. Rxf3 Rxf3 25. d4 exd4 26. cxd4 Bb6 27. e5 Ref8 28. exd6 a3 29. bxa3 Ra8 30. Qd3 Ra4 31. Qh7+ Kf8 32. Qh8+ Kf7 33. Rh7 Rc4+ 34. Kb1 1-0

[Event "48th Rilton Cup 2018"]
[Site "Stockholm"]
[Date "2018.12.28"]
[Round "2"]
[White "Santos Latasa, Jaime"]
[Black "Gorshtein, Ido"]
[Result "1-0"]
[WhiteElo "2584"]
[BlackElo "2384"]
[Annotator "ChessBase"]
[PlyCount "57"]
[EventDate "2018.12.27"]
[EventType "swiss"]
[EventCountry "SWE"]
[SourceTitle "playchess.com"]
[Source "ChessBase"]
[SourceQuality "1"]
[TimeControl "40/5400+30:1800+30"]

1. e4 {[%emt 0:00:00]} c6 {[%emt 0:00:00]} 2. d4 {[%emt 0:00:00]} d5 {[%emt 0:00:00]} 3. exd5 {[%emt 0:00:00]} cxd5 {[%emt 0:00:00]} 4. Bd3 {[%emt 0:00:00]} Nc6 {[%emt 0:00:00]} 5. c3 {[%emt 0:00:00]} Qc7 {[%emt 0:00:00]} 6. Ne2 {[%emt 0:00:07]} Bg4 {[%emt 0:00:00]} 7. O-O {[%emt 0:00:11]} e6 {[%emt 0:00:00]} 8. Qe1 {[%emt 0:00:05]} Nf6 {[%emt 0:02:35]} 9. Ng3 {[%emt 0:02:50]} Bd6 {[%emt 0:11:15]} 10. h3 {[%emt 0:00:52]} Bxg3 {[%emt 0:04:50]} 11. fxg3 {[%emt 0:01:03]} Bh5 {[%emt 0:00:02]} 12. Bg5 {[%emt 0:00:06]} Nd7 {[%emt 0:03:12]} 13. Nd2 {[%emt 0:00:33]} O-O {[%emt 0:01:38]} 14. g4 {[%emt 0:00:29]} Bg6 {[%emt 0:00:06]} 15. Bxg6 {[%emt 0:00:04]} hxg6 {[%emt 0:00:07]} 16. Nf3 {[%emt 0:00:03]} b5 {[%emt 0:28:20]} 17. Kh1 {[%emt 0:06:55]} Rae8 {[%emt 0:11:03]} 18. Bf4 {[%emt 0:04:15]} Qb6 {[%emt 0:07:19]} 19. Bd6 {[%emt 0:03:51]} Nxd4 {[%emt 0:00:56]} 20. Ng5 {[%emt 0:02:46]} f6 {[%emt 0:02:42]} 21. Bxf8 {[%emt 0:00:15]} Nc2 {[%emt 0:01:39]} 22. Qb1 {[%emt 0:00:53]} Nxf8 {[%emt 0:05:27]} 23. Qxc2 {[%emt 0:00:22]} fxg5 {[%emt 0:00:02]} 24. Rae1 {[%emt 0:00:17]} Qd6 {[%emt 0:03:52]} 25. Qd2 {[%emt 0:01:00]} Qe7 {[%emt 0:02:23]} 26. Qd3 {[%emt 0:04:45]} a6 {[%emt 0:01:09]} 27. b3 {[%emt 0:00:04]} Rd8 {[%emt 0:01:39]} 28. Qe3 {[%emt 0:01:31]} Rc8 {[%emt 0:00:34]} 29. Rf3 {[%emt 0:00:27]} 1-0

[Event "48th Rilton Cup 2018"]
[Site "Stockholm"]
[Date "2018.12.28"]
[Round "2"]
[White "Gopal G.N."]
[Black "Akesson, Ralf"]
[Result "1-0"]
[WhiteElo "2582"]
[BlackElo "2368"]
[Annotator "ChessBase"]
[PlyCount "63"]
[EventDate "2018.12.27"]
[EventType "swiss"]
[EventCountry "SWE"]
[SourceTitle "playchess.com"]
[Source "ChessBase"]
[SourceQuality "1"]
[TimeControl "40/5400+30:1800+30"]

1. e4 {[%emt 0:00:00]} c6 {[%emt 0:01:16]} 2. d4 {[%emt 0:00:00]} d5 {[%emt 0:00:09]} 3. e5 {[%emt 0:00:00]} Bf5 {[%emt 0:00:07]} 4. Nf3 {[%emt 0:00:00]} e6 {[%emt 0:00:11]} 5. Be2 {[%emt 0:00:00]} Nd7 {[%emt 0:00:20]} 6. O-O {[%emt 0:00:19]} h6 {[%emt 0:00:29]} 7. Nbd2 {[%emt 0:01:08]} Ne7 {[%emt 0:00:27]} 8. Nb3 {[%emt 0:01:21]} Qc7 {[%emt 0:05:05]} 9. a4 {[%emt 0:04:04]} a6 {[%emt 0:06:37]} 10. Bd2 {[%emt 0:13:24]} c5 {[%emt 0:06:07]} 11. Nxc5 {[%emt 0:24:26]} Nxc5 {[%emt 0:00:25]} 12. dxc5 {[%emt 0:00:02]} Qxc5 {[%emt 0:01:03]} 13. Rc1 {[%emt 0:00:46]} Nc6 {[%emt 0:07:27]} 14. Be3 {[%emt 0:04:11]} Qa5 {[%emt 0:01:27]} 15. c4 {[%emt 0:01:07]} dxc4 {[%emt 0:07:06]} 16. Rxc4 {[%emt 0:01:15]} Be7 {[%emt 0:03:08]} 17. Qb3 {[%emt 0:01:25]} Qc7 {[%emt 0:08:40]} 18. Nd4 {[%emt 0:03:04]} O-O {[%emt 0:05:22]} 19. Nxc6 {[%emt 0:07:42]} bxc6 {[%emt 0:00:12]} 20. Qc3 {[%emt 0:00:06]} Rac8 {[%emt 0:04:18]} 21. Rc1 {[%emt 0:02:51]} Qb8 {[%emt 0:04:53]} 22. Bc5 {[%emt 0:02:33]} Bxc5 {[%emt 0:05:13]} 23. Rxc5 {[%emt 0:00:06]} Qb7 {[%emt 0:00:43]} 24. Bf3 {[%emt 0:11:14]} Rb8 {[%emt 0:05:23]} 25. Rxc6 {[%emt 0:00:22]} Qxb2 {[%emt 0:00:25]} 26. Qxb2 {[%emt 0:00:12]} Rxb2 {[%emt 0:00:08]} 27. Rxa6 {[%emt 0:00:06]} Rfb8 {[%emt 0:05:43]} 28. h3 {[%emt 0:02:58]} Ra2 {[%emt 0:03:46]} 29. Ra7 {[%emt 0:08:19]} Bc2 {[%emt 0:13:19]} 30. a5 {[%emt 0:01:58]} Rb4 {[%emt 0:02:21]} 31. a6 {[%emt 0:06:25]} Rf4 {[%emt 0:02:22]} 32. Rd7 {[%emt 0:03:28]} 1-0

[Event "48th Rilton Cup 2018"]
[Site "Stockholm"]
[Date "2018.12.28"]
[Round "2"]
[White "Moroni, Luca Jr"]
[Black "Wallace, John Paul"]
[Result "1/2-1/2"]
[WhiteElo "2564"]
[BlackElo "2367"]
[Annotator "TA"]
[PlyCount "160"]
[EventDate "2018.12.27"]
[EventType "swiss"]
[EventCountry "SWE"]
[SourceTitle "playchess.com"]
[Source "ChessBase"]
[SourceQuality "1"]

{[%evp 22,159,29,0,27,0,-9,-16,-9,-14,10,4,22,1,20,0,12,12,67,76,64,-39,-30,-37,-37,-48,-56,-45,45,44,182,133,137,147,166,88,224,108,309,307,279,300,269,119,108,40,79,46,217,8,8,0,0,-17,7,-23,-14,-61,0,-139,-34,-49,0,0,0,0,0,0,0,-98,-98,-93,-87,-115,-108,-283,-181,-282,-280,-262,-243,-247,0,0,0,0,0,-466,-461,-500,-1447,-622,-494,-480,-443,-446,-446,-433,-408,-336,-337,-29959,-29965,-29962,-29957,-29958,-659,-635,-622,-610,-577,-554,-541,-29972,-29973,-29973,-29975,-29980,-29981,-29981,-29981,-29981,-29980,-29980,-29979,-29967,-5758,-5758,0,0,0,0,0,0,0,0,0,0,0,0]} 1. c4 g6 2. d4 Nf6 3. g3 Bg7 4. Bg2 O-O 5. Nc3 d6 6. Nf3 Nbd7 7. O-O e5 8. e4 exd4 9. Nxd4 Re8 10. h3 a6 11. Rb1 Rb8 12. a4 {LiveBook: 10 Games. E68: King's Indian: Fianchetto: 6...Nbd7 7 0-0 e5 8 e4} a5 13. Ndb5 Nc5 {[%cal Rf6e4]} 14. Re1 b6 $146 ({Predecessor:} 14... Bf8 15. Bg5 Ne6 16. Be3 c6 17. Nd4 Nc5 18. Qc2 Bd7 19. Nb3 Nxb3 20. Qxb3 {½-½ (20) Dorfman,J (2585)-Nataf,I (2410) Enghien les Bains 1997}) 15. Bg5 Ne6 16. Be3 Bb7 17. Nd5 Nd7 18. f4 Rc8 19. Qc2 c6 (19... Bf8 $11 20. Ndc3 c6) 20. Nxd6 $14 {[%mdl 64] Double Attack} cxd5 21. Nxe8 ({Reject} 21. Nxb7 $6 Qc7 $11) (21. exd5 $14 Nd4 22. Qd2) 21... Rxc4 $15 {[%mdl 64] Double Attack} 22. Qf2 Qxe8 23. exd5 Nef8 $1 24. b3 Re4 (24... Rc3 $15 25. Bd2 {[%mdl 64] Discovered Attack} Qd8) 25. Bxb6 $14 Nxb6 (25... Rxe1+ $14 26. Rxe1 Qa8) 26. Rxe4 Qd8 27. Rd1 h5 28. f5 (28. Qe3 $18) 28... g5 (28... Nc8 $16) 29. Qc5 (29. Re3 $18 {is more deadly.}) 29... Nfd7 $2 (29... Nc8 $16 {was called for.}) 30. Qe7 $18 Qc7 31. Qxg5 {White wants to mate with Re8+.} Nf6 32. Rde1 (32. Red4 $18) 32... Nbxd5 $16 33. Re5 (33. Rh4 $16) 33... Qb6+ 34. Kh2 Qxb3 $2 (34... Kh7 $1 $14) 35. Qd2 $2 (35. Re8+ $1 $18 Kh7 36. Rb8) 35... h4 $11 36. gxh4 Kh7 37. Qd1 Qc4 38. Kh1 Bh6 39. Qf3 Bc6 (39... Qxa4 $15 40. R5e2 Ba6) 40. Rd1 (40. R5e4 $1 $11 {was the only way to keep the balance.} Qc5 41. Qb3 Nxe4 42. Bxe4) 40... Nb4 ({Black should play} 40... Qxa4 $17 41. Rf1 Qxh4) 41. Qe2 $15 Qxh4 {Hoping for ...Nh5.} 42. Re7 $1 {[%cal Re7f7]} Qxh3+ {[%mdl 64] Double Attack} 43. Kg1 Qb3 $36 {[%mdl 2048] Black has some pressure.} (43... Bxg2 44. Rxf7+ Bg7 45. Rxg7+ $1 {[%mdl 512]} Kxg7 46. Qe7+ Kh6 47. Qxf6+ Kh5 48. Qg6+ Kh4 49. Rd4+ Be4 50. Rxe4+ Qg4+ 51. Qxg4#) 44. Rd6 Bxg2 $1 45. Rxf6 (45. Qxg2 $11 Be3+ 46. Kh2 (46. Kh1 $2 Qb1+ {[%mdl 64] Double Attack} 47. Kh2 Bf4+ {[%mdl 64] Double Attack} 48. Qg3 Bxg3+ $19) 46... Bf4+ {[%mdl 64] Double Attack} 47. Kg1 Be3+ 48. Kh2 (48. Kh1 $2 Qb1+ {[%mdl 64] Double Attack} 49. Kh2 Bf4+ {[%mdl 64] Double Attack} 50. Qg3 Bxg3+ $19) 48... Bf4+ {[%mdl 64] Double Attack} 49. Kg1 Be3+) 45... Bd5 $17 46. Rxh6+ Kxh6 47. Qd2+ Kh5 {Threatens to win with ...Qg3+.} 48. Qe2+ $2 (48. Re3 $17 Qb1+ 49. Re1) 48... Bf3 49. Qf2 (49. Re3 $142 Qb1+ 50. Qf1 Qxf1+ 51. Kxf1) 49... Qb1+ $19 50. Re1 Qxf5 51. Qg3 {And now Re5 would win.} Nd3 $2 ({Black should try} 51... Be4 $19 {Strongly threatening ...f6.} 52. Re3 Qd5) 52. Re3 $1 $11 {[%cal Re3f3]} Be4 {...Qd5 is the strong threat.} 53. Qh2+ Kg5 {White must now prevent ...Ne5.} 54. Rg3+ $2 {[%mdl 8192]} (54. Qg3+ $11 {and White has nothing to worry.} Kh5 55. Qh2+ Kg5 56. Qg3+ Kh5) 54... Kf6 $19 55. Qh4+ Ke6 {[%csl Gd3][%cal Rf5f2]} 56. Re3 Qg6+ 57. Rg3 Qh7 $1 {[%cal Rh7h4]} ({Weaker is} 57... Qf5 58. Qh6+ f6 59. Qh3 $19) 58. Qg4+ Ke5 {[%csl Ge4][%cal Rh7h1]} 59. Rh3 Qg6 60. Rh5+ {[#]} Bf5 $1 61. Rg5 $2 (61. Qxg6 $19 fxg6 62. Rh2) 61... Qb6+ 62. Kh2 Qf2+ 63. Kh1 Qe1+ (63... Qf1+ $142 64. Kh2 Ne1 65. Rxf5+ Qxf5 66. Qg7+ Ke4 67. Qg3 Nf3+ 68. Kg2 Qh5 69. Qc7 Nh4+ 70. Kf2 Qf3+ 71. Ke1 Qe3+ 72. Kd1 Qd4+ 73. Kc2 Qxa4+ 74. Kc1 Qa3+ 75. Kd1 Nf5 76. Qc6+ Ke5 77. Qb5+ Ke6 78. Qc4+ Kf6 79. Kd2 Qe3+ 80. Kd1 Qf2 81. Qc3+ Nd4 82. Qe3 Qf3+ 83. Qxf3+ Nxf3 84. Ke2 Nd4+ 85. Kd3 Ke5 86. Kc3 f5 87. Kd3 f4 88. Kd2 a4 89. Kd3 f3 90. Ke3 a3 91. Kf2 a2 92. Kg3 a1=Q 93. Kf2 Qa8 94. Kg3 Qg8+ 95. Kh4 Kf4 96. Kh5 Qh7#) 64. Kh2 Qd2+ 65. Kg1 Qc1+ 66. Kh2 Qc2+ 67. Kg1 Nf4 68. Qg3 Qd1+ 69. Kh2 Qd2+ 70. Kh1 f6 71. Rg8 Be4+ 72. Kg1 Qd1+ 73. Kf2 Qe2+ (73... Qc2+ $142 74. Kg1 Qc1+ 75. Kf2 Qc5+ 76. Ke1 Qc2 77. Kf1 Bg2+ 78. Qxg2 Nxg2 79. Rxg2 Qxa4 80. Re2+ Kf4 81. Rf2+ Ke5 82. Re2+ Kd4 83. Kf2 Qc4 84. Re3 {[#]} Qf1+ $1 {[%mdl 576] Deflection} 85. Kxf1 Kxe3 86. Ke1 f5 87. Kd1 f4 88. Kc2 f3 89. Kb3 f2 90. Kc4 f1=Q+ 91. Kc5 Qf5+ 92. Kd6 a4 93. Kc7 a3 94. Kd6 a2 95. Ke7 a1=Q 96. Kd6 Qa7 97. Kc6 Qfd7#) 74. Kg1 Kf5 $2 {[#]} (74... Qd2 $19 75. Rg4 Qd1+ 76. Kf2 Qc2+ 77. Kg1 Qc5+ 78. Kh2 Qc1 79. Qxf4+ Qxf4+ 80. Rxf4 Kxf4 81. Kh3 Bc6 82. Kh4 Bxa4 83. Kh5 Bd1+ 84. Kg6 Ke5 85. Kf7 a4 86. Kg6 a3 87. Kg7 a2 88. Kh7 a1=Q 89. Kg8 Qa7 90. Kf8 Bb3 91. Ke8 Be6 92. Kf8 Qf7#) 75. Rg5+ $3 $11 {[%mdl 512] The position is equal.} Ke6 {( -> ...Qd1+)} (75... fxg5 76. Qxf4+) 76. Re5+ fxe5 77. Qg8+ Kd6 {[%cal Rf4h3]} 78. Qd5+ Kc7 {[%cal Rf4h3]} 79. Qc6+ Kb8 $2 {[%mdl 8192]} (79... Kd8 80. Qd7+ Kxd7) 80. Qb7+ Kxb7 {Accuracy: White = 38%, Black = 48%.} 1/2-1/2

[Event "48th Rilton Cup 2018"]
[Site "Stockholm"]
[Date "2018.12.28"]
[Round "2"]
[White "Heberla, Bartlomiej"]
[Black "Slugin, Sergey"]
[Result "1-0"]
[WhiteElo "2550"]
[BlackElo "2359"]
[Annotator "ChessBase"]
[PlyCount "45"]
[EventDate "2018.12.27"]
[EventType "swiss"]
[EventCountry "SWE"]
[SourceTitle "playchess.com"]
[Source "ChessBase"]
[SourceQuality "1"]
[TimeControl "40/5400+30:1800+30"]

1. e4 {[%emt 0:00:00]} e5 {[%emt 0:02:44]} 2. Nf3 {[%emt 0:06:02]} Nc6 {[%emt 0:00:14]} 3. Bb5 {[%emt 0:02:10]} a6 {[%emt 0:00:20]} 4. Ba4 {[%emt 0:00:19]} Nf6 {[%emt 0:00:09]} 5. d3 {[%emt 0:01:56]} b5 {[%emt 0:00:57]} 6. Bb3 {[%emt 0:00:01]} Bc5 {[%emt 0:00:18]} 7. O-O {[%emt 0:00:13]} O-O {[%emt 0:00:14]} 8. c3 {[%emt 0:01:01]} Re8 {[%emt 0:07:34]} 9. Re1 {[%emt 0:02:24]} Bb7 {[%emt 0:03:23]} 10. Nbd2 {[%emt 0:04:54]} h6 {[%emt 0:01:17]} 11. Nf1 {[%emt 0:00:43]} d5 {[%emt 0:00:51]} 12. exd5 {[%emt 0:00:27]} Nxd5 {[%emt 0:00:13]} 13. d4 {[%emt 0:00:15]} Bb6 {[%emt 0:09:27]} 14. dxe5 {[%emt 0:05:40]} Nce7 {[%emt 0:01:04]} 15. Bc2 {[%emt 0:18:55]} Ng6 {[%emt 0:02:23]} 16. Be4 {[%emt 0:08:40]} Rb8 {[%emt 0:09:32]} 17. Qc2 {[%emt 0:01:27]} Qd7 {[%emt 0:04:42]} 18. Ng3 {[%emt 0:04:16]} Qe6 {[%emt 0:03:30]} 19. Bf5 {[%emt 0:04:46]} Qc6 {[%emt 0:00:41]} 20. e6 {[%emt 0:01:49]} Ngf4 {[%emt 0:04:20]} 21. Bxf4 {[%emt 0:05:43]} Nxf4 {[%emt 0:00:08]} 22. Be4 {[%emt 0:00:10]} Qc5 {[%emt 0:01:58]} 23. Bxb7 {[%emt 0:00:57]} 1-0

[Event "48th Rilton Cup 2018"]
[Site "Stockholm"]
[Date "2018.12.28"]
[Round "2"]
[White "Debashis, Das"]
[Black "Mikalsen, Erlend"]
[Result "0-1"]
[WhiteElo "2544"]
[BlackElo "2357"]
[Annotator "ChessBase"]
[PlyCount "79"]
[EventDate "2018.12.27"]
[EventType "swiss"]
[EventCountry "SWE"]
[SourceTitle "playchess.com"]
[Source "ChessBase"]
[SourceQuality "1"]
[TimeControl "40/5400+30:1800+30"]

1. c4 {[%emt 0:00:00]} e5 {[%emt 0:00:00]} 2. d3 {[%emt 0:00:00]} Nf6 {[%emt 0:00:29]} 3. Nf3 {[%emt 0:00:16]} Nc6 {[%emt 0:02:25]} 4. a3 {[%emt 0:00:09]} g6 {[%emt 0:02:48]} 5. b4 {[%emt 0:00:46]} d6 {[%emt 0:01:43]} 6. Bb2 {[%emt 0:00:13]} Bg7 {[%emt 0:00:13]} 7. e3 {[%emt 0:00:09]} O-O {[%emt 0:00:07]} 8. Be2 {[%emt 0:00:07]} h6 {[%emt 0:09:30]} 9. Nc3 {[%emt 0:01:15]} g5 {[%emt 0:03:30]} 10. O-O {[%emt 0:10:57]} g4 {[%emt 0:09:00]} 11. Nd2 {[%emt 0:00:15]} h5 {[%emt 0:00:34]} 12. Re1 {[%emt 0:07:06]} Nh7 {[%emt 0:01:12]} 13. Bf1 {[%emt 0:02:36]} h4 {[%emt 0:03:13]} 14. Nd5 {[%emt 0:03:08]} f5 {[%emt 0:01:43]} 15. d4 {[%emt 0:16:54]} Ne7 {[%emt 0:07:16]} 16. dxe5 {[%emt 0:02:52]} dxe5 {[%emt 0:00:06]} 17. Qc2 {[%emt 0:06:41]} c6 {[%emt 0:02:00]} 18. Nxe7+ {[%emt 0:00:48]} Qxe7 {[%emt 0:00:05]} 19. c5 {[%emt 0:00:07]} Ng5 {[%emt 0:03:44]} 20. Rad1 {[%emt 0:06:07]} Be6 {[%emt 0:01:04]} 21. f4 {[%emt 0:14:19]} gxf3 {[%emt 0:00:37]} 22. Nxf3 {[%emt 0:00:15]} Nxf3+ {[%emt 0:07:36]} 23. gxf3 {[%emt 0:00:06]} Rad8 {[%emt 0:07:11]} 24. Bc4 {[%emt 0:00:54]} h3 {[%emt 0:02:41]} 25. Kh1 {[%emt 0:04:40]} Bxc4 {[%emt 0:00:42]} 26. Qxc4+ {[%emt 0:00:05]} Qf7 {[%emt 0:00:05]} 27. Qe2 {[%emt 0:00:40]} Qb3 {[%emt 0:10:42]} 28. Rd6 {[%emt 0:05:26]} Rxd6 {[%emt 0:02:36]} 29. cxd6 {[%emt 0:00:06]} Kf7 {[%emt 0:01:10]} 30. Rg1 {[%emt 0:04:20]} Bf6 {[%emt 0:02:47]} 31. e4 {[%emt 0:06:15]} f4 {[%emt 0:01:14]} 32. Rd1 {[%emt 0:06:34]} Rg8 {[%emt 0:03:33]} 33. Rg1 {[%emt 0:00:35]} Rxg1+ {[%emt 0:00:20]} 34. Kxg1 {[%emt 0:00:02]} Ke6 {[%emt 0:00:46]} 35. Kf1 {[%emt 0:00:21]} Kxd6 {[%emt 0:00:48]} 36. Qd2+ {[%emt 0:00:05]} Ke6 {[%emt 0:01:23]} 37. Ke2 {[%emt 0:01:23]} Bh4 {[%emt 0:02:21]} 38. Qc1 {[%emt 0:01:17]} Bd8 {[%emt 0:03:57]} 39. Ba1 {[%emt 0:01:09]} Bb6 {[%emt 0:00:17]} 40. Qf1 {[%emt 0:00:30]} 0-1

[Event "48th Rilton Cup 2018"]
[Site "Stockholm"]
[Date "2018.12.28"]
[Round "2"]
[White "Lalith Babu M R"]
[Black "Ternault, Mathieu"]
[Result "1-0"]
[WhiteElo "2529"]
[BlackElo "2348"]
[Annotator "ChessBase"]
[PlyCount "79"]
[EventDate "2018.12.27"]
[EventType "swiss"]
[EventCountry "SWE"]
[SourceTitle "playchess.com"]
[Source "ChessBase"]
[SourceQuality "1"]
[TimeControl "40/5400+30:1800+30"]

1. d4 {[%emt 0:00:00]} Nf6 {[%emt 0:00:05]} 2. Nf3 {[%emt 0:00:00]} e6 {[%emt 0:00:27]} 3. c4 {[%emt 0:00:00]} Nc6 {[%emt 0:00:32]} 4. g3 {[%emt 0:00:00]} Bb4+ {[%emt 0:03:17]} 5. Bd2 {[%emt 0:00:17]} Bxd2+ {[%emt 0:00:06]} 6. Qxd2 {[%emt 0:01:49]} d5 {[%emt 0:00:06]} 7. Bg2 {[%emt 0:00:30]} O-O {[%emt 0:05:30]} 8. O-O {[%emt 0:06:07]} dxc4 {[%emt 0:05:30]} 9. Rc1 {[%emt 0:00:42]} Rb8 {[%emt 0:10:47]} 10. Rxc4 {[%emt 0:01:07]} Qd6 {[%emt 0:02:51]} 11. Na3 {[%emt 0:05:55]} b5 {[%emt 0:03:47]} 12. Rcc1 {[%emt 0:06:57]} Rb6 {[%emt 0:03:43]} 13. Qd3 {[%emt 0:30:14]} a6 {[%emt 0:19:53]} 14. e4 {[%emt 0:15:57]} Qe7 {[%emt 0:07:00]} 15. e5 {[%emt 0:02:28]} Nd5 {[%emt 0:01:30]} 16. Nb1 {[%emt 0:00:03]} Rd8 {[%emt 0:05:34]} 17. Nbd2 {[%emt 0:00:31]} Ndb4 {[%emt 0:04:38]} 18. Qe3 {[%emt 0:01:13]} Nd5 {[%emt 0:00:25]} 19. Qe2 {[%emt 0:02:02]} Qb4 {[%emt 0:03:34]} 20. Qd3 {[%emt 0:01:18]} f5 {[%emt 0:05:01]} 21. a3 {[%emt 0:01:24]} Qf8 {[%emt 0:01:41]} 22. Nb3 {[%emt 0:00:16]} h6 {[%emt 0:02:41]} 23. Nc5 {[%emt 0:02:21]} g5 {[%emt 0:01:20]} 24. Nb3 {[%emt 0:02:42]} a5 {[%emt 0:02:38]} 25. h3 {[%emt 0:02:28]} Nde7 {[%emt 0:01:21]} 26. Qc3 {[%emt 0:01:14]} Nd5 {[%emt 0:01:35]} 27. Qd2 {[%emt 0:00:30]} a4 {[%emt 0:01:34]} 28. Nc5 {[%emt 0:00:12]} Nde7 {[%emt 0:00:43]} 29. Rd1 {[%emt 0:01:40]} g4 {[%emt 0:03:13]} 30. hxg4 {[%emt 0:00:04]} fxg4 {[%emt 0:00:02]} 31. Nh2 {[%emt 0:00:05]} Nxd4 {[%emt 0:00:54]} 32. Kh1 {[%emt 0:00:03]} Nef5 {[%emt 0:02:02]} 33. Ne4 {[%emt 0:00:48]} Nc6 {[%emt 0:01:28]} 34. Qf4 {[%emt 0:00:17]} Rb8 {[%emt 0:00:52]} 35. Nf6+ {[%emt 0:00:06]} Kh8 {[%emt 0:00:12]} 36. Bxc6 {[%emt 0:00:06]} b4 {[%emt 0:00:50]} 37. Nhxg4 {[%emt 0:00:33]} bxa3 {[%emt 0:00:32]} 38. bxa3 {[%emt 0:00:07]} Ba6 {[%emt 0:00:34]} 39. Nd7 {[%emt 0:01:05]} Rxd7 {[%emt 0:00:31]} 40. Rxd7 {[%emt 0:00:19]} 1-0